000 00856nam a2200205Ia 4500
008 0000002004 sp a 0000000000spa00
090 _aPSP00 P68p
100 1 _aPower, Kevin
245 1 3 _aPablo Palazuelo
_b: obra reciente
_c/ textos Kevin Power ; traducción Elena González ; fotografías Gasull
300 _a47 p.
_c/ 27 cm.
500 _aExposición realizada en la Galería Soledad Lorenzo, Madrid, Octubre 14 Noviembre 13, 2004 \ Con el patronazgo del maestro venezolano Jesús Rafael Soto (q.e.p.d.)
600 0 0 _a PALAZUELO, PABLO, 1916/
_xTRABAJOS PICTORICOS
650 1 4 _a PINTURA ESPAÑOLA
650 1 4 _aARTE CONTEMPORANEO ESPAÑOL
650 1 4 _xCATALOGOS
650 1 4 _xEXPOSICIONES
650 1 4 _aPINTORES ESPAÑOLES
700 1 _aGonzález, Elena, tr. \ Gasull
999 _c677
_d677
260 _aMadrid : Galería Soledad Lorenzo
_c2004